Statistics for Players to have won the Premier League, UCL and World Cup

Click here to take the quiz!

General Stats

  • This quiz has been taken 144 times
  • The average score is 8 of 13

Answer Stats

Player% Correct
France
94%
Spain
87%
Chelsea
83%
Barcelona
79%
Arsenal
77%
Brazil
76%
Thierry Henry
75%
Manchester United
69%
Pedro
57%
Gerard Pique
52%
Fabian Barthez
24%
Marseille
22%
Juliano Belletti
16%

Score Distribution

Percentile by Number Answered

Percent of People with Each Score

Your Score History

You have not taken this quiz